Wrestlers By Picture 4: WWE New Generation - Mid 90's - Statistics

General Stats
  • This quiz has been taken 155 times
    134 since last reset
  • The average score is 14 of 16
Answer Stats
Picture Answer % Correct
Bret Hart
97%
Hunter Hearst Helmsley
97%
Shawn Michaels
97%
The Undertaker
97%
Mankind
95%
Goldust
92%
Diesel
89%
Owen Hart
89%
Razor Ramon
87%
Yokozuna
87%
Doink the Clown
80%
Lex Luger
79%
Sycho Sid
76%
Jeff Jarrett
69%
1-2-3 Kid
67%
Tatanka
66%
No matching quizzes found
Score Distribution
Percent of People with Each Score
Percentile by Number Answered
Your Score History
You have not taken this quiz since the last reset